Trade Progress Report : Doha Development Agenda and Aid for Trade.

Updates the Board on progress in the WTO negotiations under the Doha Development Agenda in the run-up to the Hong Kong SAR Ministerial in December, and presents proposals on aid for trade to be submitted to the Development Committee and International Monetary and Finance Committee in September as re...

Täydet tiedot

Bibliografiset tiedot
Yhteisötekijä: International Monetary Fund
Aineistotyyppi: Aikakauslehti
Kieli:English
Julkaistu: Washington, D.C. : International Monetary Fund, 2005.
Sarja:Policy Papers; Policy Paper ; No. 2005/069
Linkit:Full text available on IMF
LEADER 01364cas a2200241 a 4500
001 AALejournalIMF019592
008 230101c9999 xx r poo 0 0eng d
020 |c 5.00 USD 
020 |z 9781498331036 
022 |a 2663-3493 
040 |a BD-DhAAL  |c BD-DhAAL 
110 2 |a International Monetary Fund. 
245 1 0 |a Trade Progress Report :   |b Doha Development Agenda and Aid for Trade. 
264 1 |a Washington, D.C. :  |b International Monetary Fund,  |c 2005. 
300 |a 1 online resource (46 pages) 
490 1 |a Policy Papers 
500 |a <strong>Off-Campus Access:</strong> No User ID or Password Required 
500 |a <strong>On-Campus Access:</strong> No User ID or Password Required 
506 |a Electronic access restricted to authorized BRAC University faculty, staff and students 
520 3 |a Updates the Board on progress in the WTO negotiations under the Doha Development Agenda in the run-up to the Hong Kong SAR Ministerial in December, and presents proposals on aid for trade to be submitted to the Development Committee and International Monetary and Finance Committee in September as requested during the spring meetings. 
538 |a Mode of access: Internet 
830 0 |a Policy Papers; Policy Paper ;  |v No. 2005/069 
856 4 0 |z Full text available on IMF  |u http://elibrary.imf.org/view/journals/007/2005/069/007.2005.issue-069-en.xml  |z IMF e-Library